| 000 | 00960cam a2200241 4500 | ||
|---|---|---|---|
| 001 | WS116448 | ||
| 008 | 020125n 000 0 eng u | ||
| 035 | _a(Sirsi) u116448 | ||
| 110 |
_aInstitute of Public Rights of Way Officers _94187 |
||
| 245 | _aInstitute of Public Rights of Way Officers | ||
| 520 | _aWeb site for this organisation of local authority officers including pages in the Countryside and Rights of Way Act 2000, best value, countryside access, mapping and maintenance. Also includes a searchable list of rights of way and registered walks. | ||
| 650 | _aORGANISATION | ||
| 650 | _aLOCAL GOVERNMENT | ||
| 650 | _aRIGHTS OF WAY | ||
| 650 | _aCOUNTRYSIDE AND RIGHTS OF WAY ACT 2000 | ||
| 650 | _aCROW ACT | ||
| 650 | _aBEST VALUE | ||
| 650 | _aCOUNTRYSIDE ACCESS | ||
| 650 | _aMAPPING | ||
| 690 |
_aBoundary disputes _96221 |
||
| 856 | 4 | 0 |
_uhttps://www.iprow.co.uk _zView the website free of charge at www.iprow.co.uk... |
| 942 | _n0 | ||
| 999 |
_c119987 _d119987 |
||